|
|
|
|
| LEADER |
01006nam a2200229 a 4500 |
| 001 |
008200619-9 |
| 008 |
101207r20042001nyu b 001 0 eng d |
| 020 |
|
|
|a 8125026614
|
| 020 |
|
|
|a 0863162894
|
| 040 |
|
|
|a UKM
|c UKM
|d BD-DhAAL
|
| 082 |
0 |
4 |
|a 863.64
|2 21
|
| 100 |
1 |
|
|a Solanet, Mariana.
|
| 245 |
1 |
0 |
|a García Márquez for beginners /
|c Mariana Solanet ;ill. by Hector Luis Bergandi.
|
| 260 |
|
|
|a New York ;
|a London :
|b Writers and Readers ;
|a New Delhi :
|b Orient BlackSwan,
|c 2004.
|
| 300 |
|
|
|a 175 p. :
|b ill. ;
|c 23 cm.
|
| 490 |
0 |
|
|a Writers and readers documentary comic book
|
| 504 |
|
|
|a Includes bibliographical references (p. 170-171) and index.
|
| 541 |
1 |
|
|e 00021528
|
| 600 |
2 |
0 |
|a García Márquez, Gabriel,
|d 1928-
|x Criticism and interpretation.
|
| 852 |
4 |
|
|a Ayesha Abed Library
|j General Shelf.
|
| 999 |
|
|
|c 10180
|d 10180
|
| 952 |
|
|
|0 0
|1 0
|2 ddc
|4 0
|6 863_640000000000000_SOL
|7 0
|9 13555
|a BRACUL
|b BRACUL
|c GEN
|d 2010-12-09
|e TRIM EDUCATION
|l 8
|m 37
|o 863.64 SOL
|p 3010021528
|r 2026-05-06
|s 2026-04-05
|t 1
|w 2010-12-09
|y BK
|